000 00544nam a2200193Ia 4500
008 151119s9999||||xx |||||||||||||| ||und||
082 _a891.463
082 _bGKKV7828
100 _aबांदोडकर व पु
245 _aवकीलपप्रत्र
260 _a--
260 _b--
260 _c0
600 _aबांदोडकर व पु
630 _aवकीलपप्रत्र
700 _aबांदोडकर व पु
730 _aवकीलपप्रत्र
942 _cBOOK
999 _c1062411
_d1062408